Saláty mnoha chutí

Bibliographic Details
Main Author: Horecká, Zdenka (Author)
Other Authors: Horecký, Vladimír (Photographer), Škrobánková, Věra (Translator)
Format: Book
Language:Czech
Slovak
PhysicalDescription:189 s. fareb ilustr. 31 cm
Published: Ostrava Knižní expres [2009?]
ISBN:9788073470654
Subjects:

MARC

LEADER 00000nam a2200000 a 4500
001 vtls010184067
003 SK-MaSNL
005 20260301172736.0
008 240314s2009 xr a 001 0 cze
015 |a SNBZSA2011-00618 
020 |a 9788073470654  |q (viaz.) 
035 |a 596A9EFE-9F34-47CA-8E58-7D3385BD4420 
035 |a urn:nbn:sk:snk-amkwtq 
035 |a urn:nbn:sk:snk-am0082r4 
040 |a SNK  |b slo  |c SNK  |e AACR2 
041 1 |a cze  |h slo 
044 |a xr  |c CZ 
072 7 |a 641  |x Kuchárstvo. Potraviny. Varené jedlá  |2 konspekt 
080 |a 641.83  |x (083.12)  |2 1981 
100 1 |a Horecká, Zdenka  |4 aut  |9 44315 
245 1 0 |a Saláty mnoha chutí  |c [autor textu] Zdenka Horecká ; [fotografie] Vladimír Horecký ; [překlad Věra Škrobánková] 
260 |a Ostrava  |b Knižní expres  |c [2009?] 
300 |a 189 s.  |b fareb ilustr.  |c 31 cm 
500 |a Prel. zo slov. 
504 |a Reg. 
650 0 7 |a šaláty (jedlá)  |2 snkph  |9 102405 
655 7 |a kuchárske recepty  |2 snkph  |9 70493 
700 1 |a Horecký, Vladimír  |4 pht  |9 44316 
700 1 |a Škrobánková, Věra  |4 trl  |9 115735 
919 |a 978-80-7347-065-4 
958 |a ZS 
958 |a OP 
958 |a CZ 
999 |c 834580  |d 836510 
952 |a SNK  |b SNK  |y PREZ  |7 0  |p 17A0680409  |o snkSB 80574  |i snk2010/26338  |8 4  |g 8.11  |0 0  |1 0  |4 0  |d 2010-10-28  |f 1  |l 0  |r 2025-05-05 00:00:00  |w 2026-02-24 
952 |a SNK  |b SNK  |y VYP  |7 0  |p 17A0707492  |o snkSB 80574 D1  |i snk2011/15356  |8 2  |g 18.56  |0 0  |1 0  |4 0  |d 2011-04-27  |l 0  |r 2016-06-30 00:00:00  |w 2026-02-24